| 000 | 00447nmm a2200181 a 4500 | ||
|---|---|---|---|
| 003 | AR-X00000XY | ||
| 005 | 20251128212022.0 | ||
| 008 | 147020s1962 ||||||||||||||000 | spa|| | ||
| 040 | _cAR-X00000XY | ||
| 100 | 1 | _aRobbe-Grillet, Alain | |
| 245 | 1 | 0 | _aInstantanés |
| 260 |
_aParis _bLes Editions de Minuit _c1962 |
||
| 300 | 0 | _a109 p. | |
| 500 | 0 | _aCon firma de Alejandra Pizarnik | |
| 655 | _aLITERATURA | ||
| 942 | _cBK | ||
| 998 | _cmartin | ||
| 999 |
_c22098 _d22098 |
||